| 000 | 00470nam a2200169Ia 4500 | ||
|---|---|---|---|
| 005 | 20250923144520.0 | ||
| 008 | 008 250917s9999 xx 000 0 eng d | ||
| 037 | _aTextual | ||
| 040 |
_aDSWL _beng _cDSWL |
||
| 041 |
_aeng _2eng |
||
| 084 | _qDSWL | ||
| 245 | 0 |
_aSelect lists of books on the civilization of the orient _cEd.by W.A.C.H. Dobson |
|
| 260 |
_aOxford _bClarendon Press _c1955 |
||
| 300 | _axii,79p. | ||
| 942 | _cTEXL | ||
| 999 |
_c1439884 _d1439884 |
||